000 00649cam a2200241 a 4500
001 1006446
005 20180119070025.0
008 871021s1988 ilua b 001 0 eng
010 _a 87030475
020 _a0882733605 (v. 1)
020 _a0882733613 (v. 2)
040 _aDLC
_cDLC
_dDLC
041 _aeng
043 _a942
_ae-uk-en
080 _a942
082 0 0 _a942 YOU
_219
100 1 _a21
101 _aGJL
245 1 4 _aThe English heritage /
_cFrederic A. Youngs, Jr., Henry L. Snyder, E.A. Reitan.
504 _aIncludes bibliographies and index.
906 _a7
_bcbc
_corignew
_d1
_eocip
_f19
_gy-gencatlg
942 _2ddc
_cBK
999 _c40568
_d40568